000 00978cam a22003013a 4500
001 23189
003 PGUSA
005 20140828083508.0
008 071025s2007||||xxu|||||s|||||000 1 eng d
040 _aPGUSA
_beng
042 _adc
050 4 _aPZ
100 1 _aKingston, William Henry Giles,
_d1814-1880
245 1 4 _aThe Lily of Leyden
_h[electronic resource] /
_cWilliam Henry Giles Kingston
260 _bProject Gutenberg,
_c2007
506 _aPublic domain in the USA.
516 _aElectronic text
653 _aChristian life -- Juvenile fiction
653 _aCourtship -- Juvenile fiction
653 _aNetherlands -- History -- Eighty Years' War, 1568-1648 -- Juvenile fiction
653 _aWar stories
653 _aPigeons -- Juvenile fiction
653 _aSieges -- Juvenile fiction
653 _aFathers and daughters -- Juvenile fiction
830 0 _aProject Gutenberg
_v23189
856 4 0 _uhttp://www.gutenberg.org/ebooks/23189
942 _cEB
999 _c252444
_d252444